| 000 | 01211nam a22003497a 4500 | ||
|---|---|---|---|
| 003 | CHAP | ||
| 005 | 20220329133906.0 | ||
| 008 | 971013s1954 r 00010 d | ||
| 010 | _a12338 | ||
| 011 | _a13310 | ||
| 035 | _a17381 | ||
| 040 | _cCHAP | ||
| 090 | _aTesis | ||
| 100 | 0 | 0 |
_aBastida Vilchis, Hernán. _910745 |
| 245 | _aAlgunos problemas agrícolas de la región noroccidental del Estado de Nayarit y sugestiones para su resolución | ||
| 260 |
_aChapingo, Méx. : _bEl autor, _c1954 |
||
| 300 | _a72 h | ||
| 502 | _aTesis (Ing. Agr. Esp. en Bosques) -- ENA. Departamento de Bosques | ||
| 590 |
_aALEPH _b10 _c20130110 _lUCH01 _h1231 |
||
| 590 |
_aBATCH-UPD _b10 _c20130110 _lUCH01 _h0157 |
||
| 590 |
_aBATCH-UPD _b10 _c20130110 _lUCH01 _h2140 |
||
| 590 |
_aBATCH-UPD _b10 _c20130409 _lUCH01 _h2201 |
||
| 590 |
_aBATCH-UPD _b10 _c20130410 _lUCH01 _h1448 |
||
| 590 |
_aBATCH-UPD _b10 _c20130914 _lUCH01 _h0545 |
||
| 590 |
_aCONVERSION _b10 _c20130109 _lUCH01 _h1308 |
||
| 650 | 1 | 4 |
_aAgricultura _xAspectos economicos _xNayarit. _91275 |
| 650 | 1 | 4 |
_aAgricultura _xNayarit. _91748 |
| 901 | _aBK | ||
| 942 | _cFOLL | ||
| 949 |
_bBC _cTES _d-41060 _eTS1 _i17381 _si |
||
| 949 |
_bBC _cTES _d-41061 _eTS2 _fc.2 _i17381 _si |
||
| 999 |
_c12338 _d12338 |
||